| 000 | 00381pab a2200157 454500 | ||
|---|---|---|---|
| 008 | 180718b2011 xxu||||| |||| 00| 0 eng d | ||
| 100 | _aSingh, Kamini | ||
| 245 | _aInnovation in banking services | ||
| 260 | _c2011 | ||
| 300 | _ap.111-114. | ||
| 362 | _aJan-Jun | ||
| 650 | _aBanks | ||
| 773 | _aSouth Asian Journal of Socio-Political Studies | ||
| 908 | _aN | ||
| 909 | _a92090 | ||
| 999 |
_c92090 _d92090 |
||